000 00531nam a2200181Ia 4500
005 20250326123558.0
008 250326s9999 xx 000 0 und d
037 _aTextbook
040 _aFMSL
_beng
_cFMSL
041 _aeng
_2eng
084 _aD658(B) L3
_qFMSL
100 _aPage E S
_9735538
245 0 _aInformation representation and manipulation in a computer
_cPage E S; Wilson L B
260 _aNY
_bNY, Cambridge Univer.
_c1973
300 _a244p
942 _cTB
_hD658(B) L3
999 _c1270015
_d1270015